000 00713nam a2200265Ia 4500
005 20260121165627.0
008 008 260114s9999 xx 000 0 eng d
020 _a9783319398143
037 _aEBOOK
040 _aCRL
040 _beng
040 _cCRL
041 _2eng
041 _aeng
084 _qCRL
100 _aRémi Badonnel, Robert Koch, Aiko Pras, Martin Drašar, Burkhard Stiller
_91054065
245 0 _aManagement and Security in the Age of Hyperconnectivity
260 _bSpringer
260 _bSpringer
260 _c2016
856 _uhttps://link.springer.com/openurl?genre=book&isbn=978-3-319-39814-3
942 _cEBOOK
999 _c1619791
_d1619791